FIFA 21 Top 50 Central Defenders - Statistics

General Stats
  • This quiz has been taken 314 times
  • The average score is 25 of 50
Answer Stats
Rank Player OVA % Correct
2 Sergio Ramos 89
97%
1 Virgil van Dijk 90
96%
16 Thiago Silva 85
86%
6 Raphaël Varane 86
81%
8 Gérard Piqué 86
79%
5 Giorgio Chiellini 87
78%
34 Harry Maguire 82
76%
39 Rúben Dias 82
76%
13 Leonardo Bonucci 85
73%
12 Marquinhos 85
73%
7 Mats Hummels 86
72%
37 Jérôme Boateng 82
71%
4 Aymeric Laporte 87
67%
9 Matthijs de Ligt 85
65%
42 Antonio Rüdiger 81
64%
21 David Alaba 84
63%
15 Diego Godín 85
63%
23 Joe Gomez 83
63%
28 Joël Matip 83
63%
3 Kalidou Koulibaly 88
63%
26 Samuel Umtiti 83
60%
11 Clément Lenglet 85
59%
17 José María Giménez 84
58%
18 Niklas Süle 84
58%
10 Milan Škriniar 85
57%
40 Presnel Kimpembe 81
56%
30 Jan Vertonghen 83
54%
47 Pepe 81
52%
20 Stefan de Vrij 84
52%
14 Toby Alderweireld 85
51%
48 Éder Militão 80
48%
31 Lucas Hernandez 82
37%
41 Davinson Sánchez 81
33%
35 Gabriel Paulista 82
33%
43 Stefan Savić 81
33%
29 Kostas Manolas 83
32%
25 Alessio Romagnoli 83
29%
19 Felipe 84
28%
27 Francesco Acerbi 83
26%
24 Diego Carlos 83
21%
36 Daley Blind 82
19%
49 Çağlar Söyüncü 80
18%
50 Mario Hermoso 80
18%
33 Matthias Ginter 82
16%
38 Raúl Albiol 82
16%
22 Fernandinho 84
13%
45 Sven Bender 81
9%
32 Djené Dakonam 82
8%
44 Sebastián Coates 81
6%
46 Iván Marcano 81
4%
No matching quizzes found
Score Distribution
Percent of People with Each Score
Percentile by Number Answered
Your Score History
You have not taken this quiz